<?xml version="1.0" encoding="UTF-8"?>
<record
    xmlns:xsi="http://www.w3.org/2001/XMLSchema-instance"
    xsi:schemaLocation="http://www.loc.gov/MARC21/slim http://www.loc.gov/standards/marcxml/schema/MARC21slim.xsd"
    xmlns="http://www.loc.gov/MARC21/slim">

  <leader>01030nam a2200265 a 4500</leader>
  <controlfield tag="001">BRCA_5465</controlfield>
  <controlfield tag="005">20190320205105.0</controlfield>
  <controlfield tag="008">750415s1905    gw-ac#####---#000-0#ger-#</controlfield>
  <datafield tag="041" ind1=" " ind2=" ">
    <subfield code="a">ger</subfield>
  </datafield>
  <datafield tag="044" ind1=" " ind2=" ">
    <subfield code="a">gw</subfield>
  </datafield>
  <datafield tag="050" ind1=" " ind2="4">
    <subfield code="a">ND813.V4</subfield>
    <subfield code="b">.V45 1905</subfield>
  </datafield>
  <datafield tag="245" ind1="1" ind2="0">
    <subfield code="a">Velazquez:</subfield>
    <subfield code="b">des Meisters Gem&#xE4;lde in 146 Abbildungen</subfield>
    <subfield code="c">mit einer biographischen einleitung von Walther Gensel.</subfield>
  </datafield>
  <datafield tag="260" ind1=" " ind2=" ">
    <subfield code="a">Stuttgart, Alemania</subfield>
    <subfield code="b">Deutsche Verlag-Anstalt</subfield>
    <subfield code="c">1905</subfield>
  </datafield>
  <datafield tag="300" ind1=" " ind2=" ">
    <subfield code="a">xxix, 160 p. principalmente l&#xE1;minas</subfield>
    <subfield code="b">il., l&#xE1;minas, retratos</subfield>
    <subfield code="c">25 cm.</subfield>
  </datafield>
  <datafield tag="440" ind1=" " ind2="0">
    <subfield code="a">Klassiker der Kunst: in gesamtausgaben</subfield>
    <subfield code="v">6</subfield>
    <subfield code="9">13963</subfield>
  </datafield>
  <datafield tag="500" ind1=" " ind2=" ">
    <subfield code="a">Incluye lista cronol&#xF3;gica de las pinturas, lista de ubicaci&#xF3;n y due&#xF1;o de las pinturas y gu&#xED;a sistem&#xE1;tica de las pinturas</subfield>
  </datafield>
  <datafield tag="500" ind1=" " ind2=" ">
    <subfield code="a">Con 146 ilustraciones</subfield>
  </datafield>
  <datafield tag="500" ind1=" " ind2=" ">
    <subfield code="a">M45</subfield>
  </datafield>
  <datafield tag="600" ind1="1" ind2="4">
    <subfield code="a">Vel&#xE1;zquez, Diego Rodriguez de la Silva y</subfield>
    <subfield code="d">1599-1660</subfield>
    <subfield code="9">13964</subfield>
  </datafield>
  <datafield tag="650" ind1="1" ind2="4">
    <subfield code="a">Pintores espa&#xF1;oles</subfield>
    <subfield code="9">7620</subfield>
  </datafield>
  <datafield tag="650" ind1="1" ind2="4">
    <subfield code="a">P&#xEF;nturas espa&#xF1;olas</subfield>
    <subfield code="9">7789</subfield>
  </datafield>
  <datafield tag="700" ind1="1" ind2=" ">
    <subfield code="a">Gensel, Walther</subfield>
    <subfield code="d">1870-1910</subfield>
    <subfield code="9">13965</subfield>
  </datafield>
  <datafield tag="902" ind1=" " ind2=" ">
    <subfield code="a">GFM</subfield>
  </datafield>
  <datafield tag="942" ind1=" " ind2=" ">
    <subfield code="2">lcc</subfield>
    <subfield code="c">B</subfield>
  </datafield>
  <datafield tag="999" ind1=" " ind2=" ">
    <subfield code="c">5159</subfield>
    <subfield code="d">5159</subfield>
  </datafield>
  <datafield tag="952" ind1=" " ind2=" ">
    <subfield code="0">0</subfield>
    <subfield code="1">0</subfield>
    <subfield code="4">0</subfield>
    <subfield code="7">0</subfield>
    <subfield code="a">BRCA</subfield>
    <subfield code="b">BRCA</subfield>
    <subfield code="d">2010-12-23</subfield>
    <subfield code="i">M45</subfield>
    <subfield code="l">0</subfield>
    <subfield code="o">ND813.V4 .V45 1905 (M45)</subfield>
    <subfield code="p">5900</subfield>
    <subfield code="r">2019-03-22 00:00:00</subfield>
    <subfield code="w">2019-03-22</subfield>
    <subfield code="y">B</subfield>
  </datafield>
</record>
